| 000 | 00661cab a2200229 4500 | ||
|---|---|---|---|
| 001 | WB2701-41 | ||
| 008 | 090401t1990 xxu||||| |||| 00| 0 eng d | ||
| 035 | _a(Sirsi) u65163 | ||
| 041 | _aeng | ||
| 245 | _aSet back to rent to mortgage scheme | ||
| 260 | _c1990 | ||
| 350 | _a0 | ||
| 490 |
_aScottish Office News Release _v(1963) 14 December 1990 2 pages |
||
| 520 | _aThe Scottish housing minister has criticised Glasgow DC `s decision to boycott the Rent to Mortgage scheme . | ||
| 650 | _aCOUNCIL HOUSING | ||
| 650 | _aHOME OWNERSHIP | ||
| 650 | _aRIGHT TO BUY | ||
| 650 | _aSCOTLAND | ||
| 690 | _aHOUSING | ||
| 942 | _n0 | ||
| 948 | _c04/03/1997 | ||
| 999 |
_c40624 _d40624 |
||